[Event "MTO"]
[Site "Biel SUI"]
[Date "2001.08.01"]
[Round "9"]
[White "Milov,V"]
[Black "Guliev,S"]
[Result "1-0"]
[WhiteElo "2614"]
[BlackElo "2510"]

1.d4 d5 2.c4 c6 3.Nc3 Nf6 4.e3 e6 5.Nf3 Nbd7 6.Bd3 dxc4 7.Bxc4 b5 8.Bd3 Bb7
9.e4 b4 10.Na4 c5 11.e5 Nd5 12.Nxc5 Bxc5 13.dxc5 Nxc5 14.Bb5+ Kf8 15.O-O Qb6
16.Bc4 h6 17.Nd4 Rd8 18.Qg4 g5 19.Be3 Nd7 20.Bxd5 Bxd5 21.f4 Qb8 22.Qh5 Rh7
23.fxg5 Qxe5 24.Qh3 Rg7 25.Rae1 hxg5 26.Nf5 Qb8 27.Bxg5 Qb6+ 28.Rf2  1-0

[Event "Slavonija"]
[Site "Borovo CRO"]
[Date "2001.08.02"]
[Round "1"]
[White "Savic,Mih"]
[Black "Szuhanek,R"]
[Result "0-1"]
[WhiteElo "2294"]
[BlackElo "2435"]

1.c4 c6 2.Nc3 d5 3.d4 Nf6 4.e3 e6 5.Nf3 Nbd7 6.Bd3 dxc4 7.Bxc4 b5 8.Bd3 a6
9.e4 c5 10.e5 cxd4 11.Nxb5 Nxe5 12.Nxe5 axb5 13.O-O Qd5 14.Qe2 Ba6 15.Bg5 Be7
16.f4 O-O 17.Rf3 Bb7 18.Rg3 Rxa2 19.Rf1 g6 20.f5 exf5 21.Bxf5 Re8 22.Bxg6 hxg6
23.Rxf6 Bxf6 24.Bxf6 Re6  0-1

[Event "Open"]
[Site "Korinthos GRE"]
[Date "2001.08.02"]
[Round "6"]
[White "Mastrovasilis,A"]
[Black "Georgiou,K"]
[Result "1-0"]
[WhiteElo "2441"]
[BlackElo "2142"]

1.Nf3 d5 2.c4 e6 3.d4 Nf6 4.Nc3 c6 5.e3 Bd6 6.Qc2 Nbd7 7.Bd2 Qe7 8.O-O-O a6
9.e4 Nxe4 10.Nxe4 dxe4 11.Qxe4 Nf6 12.Qh4 b6 13.Bd3 Bb7 14.Rhe1 O-O-O 15.Ne5 h6
16.Qh3 Qc7 17.Bc3 Kb8 18.f4 h5 19.Qg3 Rdg8 20.Kb1 c5 21.Qf2 Ng4 22.Qg1 Rd8
23.Be4 Bxe4+ 24.Rxe4 Nf6 25.Ree1 cxd4 26.Bxd4 Bc5 27.Bxc5 bxc5 28.Re3 Ng4
29.Rb3+ Ka7 30.Nd3 Rc8 31.Ra3 Rhd8 32.b4 Qb6 33.b5 a5 34.h3 Nf6  1-0

[Event "Slavonija"]
[Site "Borovo CRO"]
[Date "2001.08.03"]
[Round "2"]
[White "Novakovic,D"]
[Black "Szuhanek,R"]
[Result "0-1"]
[WhiteElo "2388"]
[BlackElo "2435"]

1.d4 d5 2.c4 c6 3.Nf3 Nf6 4.Nc3 e6 5.e3 Nbd7 6.Be2 Bd6 7.O-O O-O 8.Qc2 dxc4
9.Bxc4 a6 10.Rd1 Qe7 11.Bd3 c5 12.h3 h6 13.Be2 b5 14.dxc5 Bxc5 15.a3 Bb7
16.b4 Ba7 17.Bb2 Rac8 18.Rac1 Nb6 19.Qb3 Nc4 20.a4 bxa4 21.Nxa4 Nxb2 22.Qxb2 Nd5
23.Ne5 Rxc1 24.Rxc1 Nxe3 25.Nc6 Qg5 26.g4 Bxc6 27.Rxc6 Qd5  0-1

[Event "Nordic Championships"]
[Site "Bergen NOR"]
[Date "2001.08.04"]
[Round "1"]
[White "Johannessen,LE"]
[Black "Borchgrevink,H"]
[Result "1/2-1/2"]
[WhiteElo "2426"]
[BlackElo "2163"]

1.d4 e6 2.c4 d5 3.Nc3 c6 4.e3 Nf6 5.Nf3 Nbd7 6.Bd3 dxc4 7.Bxc4 b5 8.Bd3 a6
9.e4 c5 10.d5 c4 11.Bc2 Nc5 12.Bg5 Qc7 13.Qd4 Bb7 14.Rd1 O-O-O 15.e5 Nxd5
16.Bxd8 Qxd8 17.O-O Qc7 18.Ng5 Kb8 19.Nge4 Nxc3 20.Nxc3 Qc6 21.Qg4 h5 22.Qg5 h4
23.h3 f6 24.exf6 gxf6 25.Qg6 Rh6 26.Qg8 Rh8 27.Qg6 Rh6 28.Qg4 f5 29.Qf4+ e5
30.Qg5 Ne6 31.Qg8 Rh8 32.Qg6 Rh6 33.Qg8 Rh8  1/2-1/2

[Event "ch-IRI"]
[Site "Tehran IRI"]
[Date "2001.08.04"]
[Round "7"]
[White "Ghaem Maghami,E"]
[Black "Mallahi,A"]
[Result "1/2-1/2"]
[WhiteElo "2509"]
[BlackElo "2416"]

1.c4 e6 2.Nc3 d5 3.d4 c6 4.e3 Nf6 5.Nf3 Nbd7 6.Bd3 dxc4 7.Bxc4 b5 8.Bd3 Bb7
9.e4 b4 10.Na4 c5 11.e5 Nd5 12.O-O cxd4 13.Re1 g6 14.Bg5 Be7 15.Bh6 Bf8 16.Bg5 Be7
17.Bh6 Bf8 18.Bxf8 Kxf8 19.Nxd4 Kg7 20.Qg4 a6 21.h4 Re8 22.h5 Rc8 23.hxg6 hxg6
24.Bxg6 fxg6 25.Nxe6+ Rxe6 26.Qxe6 Nf4 27.Qg4 Nd3 28.Rad1 N7xe5 29.Qg3 Qe8
30.Qxd3 Nxd3 31.Rxe8 Rxe8 32.Rxd3 Re1+ 33.Kh2 Bc6 34.Nc5 Re2 35.Kg3 Rxb2
36.Nxa6 Bb5 37.Rd6 Bxa6 38.Rxa6 b3 39.axb3 Rxb3+  1/2-1/2

[Event "Nordic Championships"]
[Site "Bergen NOR"]
[Date "2001.08.05"]
[Round "2"]
[White "Landgren,P"]
[Black "Johannessen,LE"]
[Result "0-1"]
[WhiteElo "2193"]
[BlackElo "2426"]

1.d4 d5 2.c4 e6 3.Nc3 c6 4.e3 Nf6 5.Nf3 Nbd7 6.Bd3 dxc4 7.Bxc4 b5 8.Be2 Bb7
9.e4 b4 10.e5 bxc3 11.exf6 Nxf6 12.bxc3 Bd6 13.O-O Qc7 14.Rb1 O-O 15.Qd3 c5
16.dxc5 Bxc5 17.Bf4 Qxf4 18.Rxb7 Bb6 19.Nd4 Rac8 20.Nb5 Ne4 21.Qf3 Qe5 22.Bd3 Nd2
23.Qh3 g6 24.Rd1 Rfd8 25.a4 Qf4 26.Nd4 Bxd4 27.cxd4 Qxd4 28.Be2 Qe4 29.Rxf7 Kxf7
30.Qxh7+ Kf6  0-1

[Event "Magistral BCX"]
[Site "Brasilia BRA"]
[Date "2001.08.05"]
[Round "1"]
[White "Matsuura,E"]
[Black "Caldeira,A"]
[Result "1/2-1/2"]
[WhiteElo "2437"]
[BlackElo "2318"]

1.d4 d5 2.Nf3 Nf6 3.c4 c6 4.Nc3 e6 5.e3 Nbd7 6.Bd3 Bd6 7.e4 dxe4 8.Nxe4 Nxe4
9.Bxe4 Bb4+ 10.Bd2 Qa5 11.O-O Bxd2 12.Nxd2 c5 13.d5 exd5 14.cxd5 O-O 15.Qc2 h6
16.Rac1 Qd8 17.Rfd1 b6 18.d6 Rb8 19.Nc4 Re8 20.Re1 Nf8 21.Rcd1 Ne6 22.Bc6 Rf8
23.d7 Bb7 24.Rxe6 fxe6 25.Ne5 Qc7 26.Bxb7 Qxe5 27.Qd2 Rbd8 28.g3 Qc7 29.Bc8 Rxc8
30.dxc8=R Qxc8 31.Qd6 Qe8 32.Re1 Rf6 33.f4 Kh7 34.b3 Qg6 35.Qd7 Rxf4 36.Qxa7 Rf6
37.Qxb6 Qf5 38.Qa5 Qf2+ 39.Kh1 Qf3+ 40.Kg1 Qf2+ 41.Kh1  1/2-1/2

[Event "Open"]
[Site "Korinthos GRE"]
[Date "2001.08.05"]
[Round "9"]
[White "Khurtsidze,N"]
[Black "Makropoulou,M"]
[Result "1-0"]
[WhiteElo "2446"]
[BlackElo "2313"]

1.d4 d5 2.c4 c6 3.Nc3 Nf6 4.e3 e6 5.Nf3 Nbd7 6.Qc2 Bd6 7.b3 O-O 8.Bd3 Qe7
9.Bb2 Re8 10.Rd1 h6 11.Be2 dxc4 12.bxc4 e5 13.O-O e4 14.Nd2 Nf8 15.Rfe1 Ng6
16.f3 exf3 17.Bxf3 Nh4 18.e4 Bf4 19.e5 Ng4 20.Nf1 Qg5 21.Qe2 Bf5 22.Ne4 Bxe4
23.Bxe4 Nf5 24.Bxf5 Qxf5 25.h3 Nf6 26.Qf3 Nh5 27.g4 Qg6 28.Kh1 Qc2 29.gxh5 Qxb2
30.Qxf4 Qxa2 31.Ne3 Rac8 32.Rg1 Qc2  1-0

[Event "Open"]
[Site "Olomouc CZE"]
[Date "2001.08.05"]
[Round "5"]
[White "Jensen,JB"]
[Black "Volodin,V"]
[Result "1-0"]
[WhiteElo "2167"]
[BlackElo "2311"]

1.d4 d5 2.c4 e6 3.Nc3 c6 4.Nf3 Nf6 5.e3 Nbd7 6.Bd3 dxc4 7.Bxc4 b5 8.Bd3 Bb7
9.e4 b4 10.Na4 c5 11.e5 Nd5 12.O-O cxd4 13.Nxd4 Nxe5 14.Bb5+ Nd7 15.Re1 Rc8
16.Qh5 g6 17.Qe5 Qf6 18.Nf3 Bc6 19.Bxc6 Rxc6 20.Qxd5  1-0

[Event "Nordic Championships"]
[Site "Bergen NOR"]
[Date "2001.08.06"]
[Round "3"]
[White "Eriksson,Jon"]
[Black "Porper,E"]
[Result "1-0"]
[WhiteElo "2245"]
[BlackElo "2436"]

1.c4 c6 2.Nf3 d5 3.d4 Nf6 4.Nc3 e6 5.e3 Nbd7 6.Qc2 Bd6 7.g4 Nxg4 8.Rg1 Nh6
9.e4 dxe4 10.Nxe4 Bb4+ 11.Bd2 Bxd2+ 12.Qxd2 Nf5 13.Bh3 Nf6 14.Nc3 g6 15.O-O-O Nd6
16.Ne5 Qe7 17.Rge1 O-O 18.Qh6 Nh5 19.c5 Ne8 20.Rg1 Nhg7 21.Ne4 f6 22.Rxg6 b6
23.Rdg1 bxc5 24.R1g4 hxg6 25.Nxg6 Kf7 26.Nxe7 Kxe7 27.Nxc5 Nf5 28.Qd2 Rh8
29.Bg2 Bd7 30.Qb4 Ned6 31.Nxd7 Kxd7 32.Qc5 Ne7 33.Rg7 Rhc8 34.h4 Rc7 35.Bh3 Rb8
36.a4 Rb3 37.Bg2 Rb6 38.h5 Nf5 39.Rh7 Ke8 40.Be4 Rd7  1-0

[Event "12th Sueder Summer"]
[Site "Recklinghausen GER"]
[Date "2001.08.06"]
[Round "3"]
[White "Parado,D"]
[Black "Steinhagen,D"]
[Result "1-0"]
[WhiteElo "2107"]
[BlackElo "2009"]

1.d4 d5 2.Nf3 c6 3.c4 Nf6 4.Nc3 e6 5.e3 Be7 6.Qc2 Nbd7 7.Bd3 b6 8.O-O Bb7
9.b3 Rc8 10.Bb2 c5 11.Qe2 cxd4 12.exd4 O-O 13.Rad1 Re8 14.Ne5 Bb4 15.a3 Bf8
16.f4 Qc7 17.Nb5 Qb8 18.b4 dxc4 19.Bxc4 a6 20.Nc3 b5 21.Ba2 Nb6 22.Rd3 Nbd5
23.Rh3 Nxc3 24.Bxc3 Bd5 25.Bb1 Bc4 26.Bxh7+  1-0

[Event "Nordic Championships"]
[Site "Bergen NOR"]
[Date "2001.08.07"]
[Round "4"]
[White "Schandorff,L"]
[Black "Stokstad,P"]
[Result "1-0"]
[WhiteElo "2551"]
[BlackElo "2195"]

1.d4 d5 2.c4 c6 3.Nf3 Nf6 4.Nc3 e6 5.e3 Bd6 6.Bd3 Nbd7 7.O-O O-O 8.e4 dxe4
9.Nxe4 Nxe4 10.Bxe4 f5 11.Bd3 e5 12.c5 Bb8 13.dxe5 Nxe5 14.Nxe5 Bxe5 15.Re1 Qf6
16.Bg5 Bxh2+ 17.Kxh2 Qxg5 18.Bc4+ Kh8 19.Qd6 Rd8 20.Qe7 Qxe7 21.Rxe7 f4 22.Rf7 b5
23.Bb3 Bg4 24.Rxf4 Be2 25.Re1 Rd2 26.Re4 Bh5 27.Re5 Bg4 28.f4 Rf8 29.f5 Bh5
30.f6 g5 31.Rxg5 Bg6 32.Re6 Bf7 33.Rxc6 Bxb3 34.axb3 Rxb2 35.Re6 Rf2 36.c6 R2xf6
37.Rxf6 Rxf6 38.Rc5 Rf8 39.Rxb5 Rc8 40.Rc5 a5 41.c7 Kg7 42.Kg3 Kf6 43.Kf4 Ke6
44.Ke4 Kd6 45.Kd4 Kd7 46.Kc4 a4 47.bxa4 h5 48.Kd5 h4 49.Rc4  1-0

[Event "Nordic Championships"]
[Site "Bergen NOR"]
[Date "2001.08.07"]
[Round "4"]
[White "Gorczyca,D"]
[Black "Christenson,F"]
[Result "0-1"]
[WhiteElo "2069"]
[BlackElo "2218"]

1.d4 e6 2.Nf3 d5 3.c4 c6 4.e3 Nf6 5.Nc3 Nbd7 6.b3 Bd6 7.Be2 O-O 8.O-O Qe7
9.Bb2 b6 10.a4 Bb7 11.Qc1 Rac8 12.a5 Bb8 13.axb6 axb6 14.Ba3 c5 15.Qb2 Ne4
16.Rfc1 Nxc3 17.Rxc3 Qd6 18.g3 Rfd8 19.Rac1 Qe7 20.cxd5 exd5 21.Bb5 Bd6 22.Bxd7 Rxd7
23.b4 c4 24.b5 Qf6 25.Ne1 Bb8 26.Qe2 Re8 27.Qg4 Bc8 28.Qf3 Qg6 29.Nc2 Ra7
30.Nb4 Bd6 31.Nc2 Bxa3 32.Rxa3 Rxa3 33.Nxa3 Qd3 34.Nb1 Be6 35.Qd1 Ra8 36.Qxd3 cxd3
37.Rd1 Ra1 38.Kf1 Bg4 39.f3 Bxf3 40.Rc1 Rxb1  0-1

[Event "Stork YM"]
[Site "Hengelo NED"]
[Date "2001.08.07"]
[Round "3"]
[White "Berkvens,J"]
[Black "Ginzburg,Mi"]
[Result "0-1"]
[WhiteElo "2444"]
[BlackElo "2274"]

1.d4 d5 2.c4 e6 3.Nf3 Nf6 4.Nc3 c6 5.e3 Nbd7 6.b3 Bb4 7.Bd2 O-O 8.Bd3 Qe7
9.O-O b6 10.Qc2 Bb7 11.Rfe1 Rfd8 12.Rad1 Rac8 13.e4 dxe4 14.Nxe4 Nxe4 15.Bxb4 Qxb4
16.Bxe4 Nf6 17.Ne5 Rxd4 18.Bf3 h6 19.Qe2 Rxd1 20.Rxd1 Qe7 21.h4 c5 22.Bxb7 Qxb7
23.g4 Qe7 24.Rd3 Nh7 25.g5 hxg5 26.Rd7 Qf6 27.Rxf7 Qh6 28.h5 Nf6 29.Re7 Nxh5
30.Ng4 Qg6 31.Qxe6+ Qxe6 32.Rxe6 Rc7 33.Rd6 Nf4 34.Kh2 Re7 35.Ne3 Kh7 36.Kg3 Ne2+
37.Kg4 Nc3 38.Nd5 Re4+ 39.Kf5 Rd4 40.Rd7 Kh6 41.Rd8 g6+ 42.Kf6 Ne4+ 43.Kf7 g4
44.Rg8 Ng5+ 45.Kf6 Ne4+ 46.Kf7 Nxf2 47.Rxg6+ Kh5 48.Nf6+ Kh4 49.Ke6 Rd2 50.Kf5 Rxa2
51.Nxg4 Nxg4 52.Rxg4+ Kh3 53.Rg7 Ra3 54.Rb7 Kg3 55.Ke4 Kf2 56.Kd3 Rxb3+ 57.Kc2 Ra3
58.Kb2 Ra4 59.Kc3 Kf3 60.Rf7+ Ke4 61.Re7+ Kf5 62.Kb3 Rb4+ 63.Kc3 a5 64.Re8 Rb1
65.Ra8 Ke6 66.Kc2 Rb4 67.Kc3 Kd6 68.Rd8+ Kc7 69.Rd1 a4 70.Ra1 Kb7 71.Ra2 Ka6
72.Rd2 Rb3+ 73.Kc2 Ka5 74.Rd6 Rf3 75.Rd8 Kb4 76.Rd6 Ka5 77.Rd8 a3 78.Re8 Kb4
79.Re6 Kxc4 80.Rxb6 Rc3+ 81.Kd2 a2 82.Ra6 Rh3 83.Ra4+ Kb3  0-1

[Event "Mipap Cup"]
[Site "Olomouc CZE"]
[Date "2001.08.07"]
[Round "8"]
[White "Wiley,To"]
[Black "Tokmachev,M"]
[Result "0-1"]
[WhiteElo "2263"]
[BlackElo "2313"]

1.d4 d5 2.c4 c6 3.Nf3 Nf6 4.Nc3 e6 5.e3 Nbd7 6.Qc2 Bd6 7.a3 O-O 8.b4 a5 9.Rb1 axb4
10.axb4 e5 11.cxd5 cxd5 12.Nb5 Bb8 13.dxe5 Nxe5 14.Bb2 Nc6 15.Bd4 Bg4 16.Bd3 Bxf3
17.gxf3 Nxd4 18.Nxd4 Be5 19.Nb5 d4 20.f4 Rc8 21.Qb3 Bb8 22.Nxd4 Bxf4 23.Rd1 Qe7
24.Rg1 g6 25.Kf1 Bxh2 26.Rg2 Be5 27.Bxg6 hxg6 28.Rxg6+ Kh8 29.Rh6+ Nh7 30.Qd3 f6
31.Nf5 Qc7 32.f4 Bxf4 33.exf4 Qxf4+ 34.Kg2 Rg8+ 35.Kh1 Rc3 36.Rxh7+ Kxh7
37.Qd7+ Kh8  0-1

[Event "Nordic Championships"]
[Site "Bergen NOR"]
[Date "2001.08.08"]
[Round "5"]
[White "Bachmann,A"]
[Black "Gabrielsen,T"]
[Result "1-0"]
[WhiteElo "2303"]
[BlackElo "2217"]

1.d4 d5 2.c4 e6 3.Nf3 c6 4.e3 Nf6 5.Nc3 Nbd7 6.Bd3 a6 7.e4 dxc4 8.Bxc4 b5
9.Bb3 b4 10.e5 bxc3 11.exf6 Nxf6 12.bxc3 Bd6 13.O-O O-O 14.Bg5 Qa5 15.Qd3 h6
16.Bh4 Qh5 17.Bc2 Bxh2+ 18.Kxh2 g5 19.Rh1 gxh4 20.Kg1 Qg6 21.Qd2 Qg7 22.Rxh4 c5
23.Rh3 Rd8 24.Rg3 Ng4 25.Ne5 h5 26.Qf4 cxd4 27.Nxg4  1-0

[Event "Lost Boys Open"]
[Site "Amsterdam NED"]
[Date "2001.08.10"]
[Round "1"]
[White "Peelen,P"]
[Black "Sinz,B"]
[Result "1/2-1/2"]
[WhiteElo "2359"]
[BlackElo "2188"]

1.d4 d5 2.c4 c6 3.Nf3 Nf6 4.Nc3 e6 5.e3 Nbd7 6.Bd3 dxc4 7.Bxc4 b5 8.Be2 Bb7
9.O-O b4 10.Na4 c5 11.dxc5 Bxc5 12.Nxc5 Nxc5 13.Bd2 a5 14.a3 bxa3 15.Rxa3 Qb6
16.Ne5 Bd5 17.Bc3 O-O 18.Qd4 Rfd8 19.Ng4 Ne8 20.b4 Nd7 21.bxa5 Qxd4 22.Bxd4 f6
23.f3 e5 24.Bc3 Nc5 25.Bb4 Na6 26.Be1 Nd6 27.e4 Be6 28.Ne3 Rdc8 29.Bd2 Nc5
30.Bb4 Ne8 31.Rc1 Nb3 32.Rxc8 Rxc8 33.a6 Nd4 34.Bf1 Nc7 35.Rc3 Ncb5 36.Rxc8+ Bxc8
37.Bc4+ Kh8 38.Nf5 Bxa6 39.Ne7 Nc7 40.Bxa6 Nxa6 41.Bd6 Nb5 42.Nc8 Nxd6 43.Nxd6 Nc5
44.Kf2 Kg8 45.Ke3 Kf8 46.h4 g6 47.g4 Ke7 48.Nc8+ Ke6 49.Nb6 f5 50.g5 f4+
51.Ke2 Nb3 52.Nd5 Nd4+ 53.Kf2 Kf7 54.Nf6 h5 55.Nd7  1/2-1/2

[Event "Lost Boys Open"]
[Site "Amsterdam NED"]
[Date "2001.08.10"]
[Round "1"]
[White "Cruz Lopez Claret,C"]
[Black "Cifuentes Parada,R"]
[Result "1/2-1/2"]
[WhiteElo "2297"]
[BlackElo "2502"]

1.d4 d5 2.c4 e6 3.Nc3 c6 4.Nf3 Nf6 5.e3 Nbd7 6.Bd3 Bd6 7.e4 dxe4 8.Nxe4 Nxe4
9.Bxe4 h6 10.O-O O-O 11.Bc2 e5 12.Qd3 f5 13.c5 Bc7 14.Qb3+ Kh8 15.dxe5 Nxe5
16.Re1 Re8 17.Bf4 Be6 18.Qc3 Nxf3+ 19.Qxf3 Bxf4 20.Qxf4 Qf6 21.Rad1 Qxb2
22.Rxe6 Qxc2 23.Rxh6+ Kg8 24.Rhd6 Qe4 25.Qd2 Re7 26.h3 Rae8 27.Qc3 Qa4 28.Rd8 Rxd8
29.Rxd8+  1/2-1/2

[Event "Nordic Championships"]
[Site "Bergen NOR"]
[Date "2001.08.10"]
[Round "7"]
[White "Nilssen,J"]
[Black "Gausel,E"]
[Result "1/2-1/2"]
[WhiteElo "2333"]
[BlackElo "2520"]

1.d4 d5 2.c4 c6 3.Nc3 Nf6 4.e3 e6 5.Nf3 Nbd7 6.Bd3 dxc4 7.Bxc4 b5 8.Be2 b4
9.Na4 Bb7 10.Bd2 Be7 11.Qb3 a5 12.a3 Qb8 13.O-O O-O 14.axb4 axb4 15.Rfc1 c5
16.Nxc5 Nxc5 17.dxc5 Rxa1 18.Rxa1 Bxc5 19.Nd4 Bd5 20.Qa4 h6 21.Rc1 Bxd4 22.exd4 b3
23.Qa6 Rd8 24.Ba5 Qf4 25.Rc8 Rxc8 26.Qxc8+ Kh7 27.Qc3 Qf5 28.f3 g6 29.Qd3 Be4
30.Qb5 Bd5 31.Qd3 Qf4 32.Bd2 Qc7 33.Qc3 Qa7 34.Qc5 Qa1+ 35.Qc1 Qxc1+ 36.Bxc1 Nd7
37.Kf2 Nb6 38.Ke3 Bc6 39.Ba6 g5 40.Kd3 f5 41.Kc3 Bd5 42.Kb4 Kg6 43.Bb5 Kf6
44.Kc5 Nc8 45.Bc4 Ne7 46.Bxd5 Nxd5 47.Kc4 Ke7 48.Kxb3 Kd6 49.Kc4 Kc6 50.Bd2 Nb6+
51.Kd3 Kd5 52.h4 Nc4 53.hxg5 hxg5 54.Bc3 f4 55.b3 Nd6 56.Ba5 Nf5 57.Bd8 Nxd4
58.Bxg5 Nxb3 59.Bxf4 Nd4 60.Bg5 e5 61.Be3 Nf5 62.Bf2 Nd6 63.Ke2 Nf5 64.g4 Ne7
65.Be3 Ng6 66.Bg5 Ke6 67.Kf2 Kd5 68.Bc1 Ke6 69.Kg3 Kf6 70.Bh6 Ke6 71.Bg5 Kd6
72.Kf2 Ke6 73.Ke3 Kd5 74.Kd3 Nf8 75.Kc3 Ne6 76.Be3 Nf8  1/2-1/2

[Event "Nordic Championships"]
[Site "Bergen NOR"]
[Date "2001.08.10"]
[Round "7"]
[White "Bachmann,A"]
[Black "Moen,A"]
[Result "0-1"]
[WhiteElo "2303"]
[BlackElo "2218"]

1.c4 c6 2.Nf3 d5 3.d4 Nf6 4.Nc3 e6 5.e3 Nbd7 6.Bd3 dxc4 7.Bxc4 b5 8.Be2 a6
9.e4 b4 10.e5 bxc3 11.exf6 Bb4 12.fxg7 c2+  0-1

[Event "Strange Badger"]
[Site "Bucharest ROM"]
[Date "2001.08.10"]
[Round "6"]
[White "Jianu,V"]
[Black "Mateuta,G"]
[Result "1/2-1/2"]
[WhiteElo "2402"]
[BlackElo "2418"]

1.d4 d5 2.c4 e6 3.Nc3 Nf6 4.e3 c6 5.Nf3 Nbd7 6.Be2 Bd6 7.O-O O-O 8.b3 b6
9.Bb2 Bb7 10.cxd5 exd5 11.Rc1 Re8 12.h3  1/2-1/2

[Event "FSGM August"]
[Site "Budapest HUN"]
[Date "2001.08.10"]
[Round "7"]
[White "Szeberenyi,A"]
[Black "Lukacs,P"]
[Result "1/2-1/2"]
[WhiteElo "2417"]
[BlackElo "2432"]

1.d4 Nf6 2.Nf3 d5 3.c4 e6 4.Nc3 c6 5.e3 Nbd7 6.Qc2 Bd6 7.Bd3 O-O 8.O-O dxc4
9.Bxc4 Qe7 10.a3 e5 11.h3 Bb8 12.Ba2 h6 13.Nh4 Rd8 14.Nf5 Qe8 15.Ne4 Nxe4
16.Qxe4 Nf8 17.Bd2 Qd7 18.g4 Qc7 19.f4 Bxf5 20.Qxf5 exd4 21.exd4 Qd7 22.Qxd7 Rxd7
23.Rae1 Bc7 24.Re4 Bb6 25.Bc3 Rad8 26.Rfe1 Bxd4+  1/2-1/2

[Event "Smith & Williamson ch-GBR"]
[Site "Scarborough HUN"]
[Date "2001.08.10"]
[Round "11"]
[White "Rowson,J"]
[Black "Pert,R"]
[Result "1-0"]
[WhiteElo "2514"]
[BlackElo "2245"]

1.d4 d5 2.c4 c6 3.Nf3 Nf6 4.e3 e6 5.Nc3 Nbd7 6.Qc2 Bd6 7.g4 Bb4 8.Bd2 b6
9.cxd5 Nxd5 10.Nxd5 Bxd2+ 11.Kxd2 cxd5 12.Bd3 Bb7 13.Rac1 Rc8 14.Qa4 O-O
15.Rxc8 Bxc8 16.Rc1 f5 17.gxf5 exf5 18.Qxa7 f4 19.Qa8 Nf6 20.Ne5 Qe8 21.Rc7 fxe3+
22.fxe3 Qe6 23.Qa7 Ne8 24.Rc6 Qh3 25.Qe7 Qxh2+ 26.Kc3 Qh3 27.Bxh7+ Qxh7 28.Ng6  1-0

[Event "Nordic Championships"]
[Site "Bergen NOR"]
[Date "2001.08.11"]
[Round "8"]
[White "Borchgrevink,H"]
[Black "Hersvik,D"]
[Result "0-1"]
[WhiteElo "2163"]
[BlackElo "2241"]

1.d4 d5 2.Nf3 Nf6 3.c4 c6 4.Nc3 e6 5.e3 Nbd7 6.Qc2 Be7 7.Bd2 O-O 8.h3 a6
9.cxd5 exd5 10.g4 Re8 11.Bd3 Nf8 12.O-O-O b5 13.Ne5 Bb7 14.g5 N6d7 15.Nxd7 Qxd7
16.h4 c5 17.Bf5 Qd8 18.dxc5 d4 19.Be4 dxc3 20.Bxb7 cxd2+ 21.Rxd2 Qa5 22.Bxa8 Rxa8
23.Qe4 Ra7 24.b4 Qa3+ 25.Kb1 a5 26.Rb2 axb4 27.Qxb4 Qd3+ 28.Ka1 Qd5 29.Rc1 h6
30.Qxb5 hxg5 31.hxg5 Bxg5 32.Qb3 Qa8 33.c6 Bf6 34.Kb1 Bxb2 35.Kxb2 Ne6 36.f4 Rc7
37.f5 Nd8 38.f6 g6 39.Rg1 Qxc6 40.Rxg6+ Kh7 41.Rg7+ Kh8  0-1

[Event "I American Continental"]
[Site "Cali COL"]
[Date "2001.08.11"]
[Round "2"]
[White "Saladen,R"]
[Black "Abreu,A"]
[Result "0-1"]
[WhiteElo "2287"]
[BlackElo "2488"]

1.d4 d5 2.Nf3 Nf6 3.c4 c6 4.Nc3 e6 5.e3 Nbd7 6.Qc2 Bd6 7.Be2 O-O 8.O-O dxc4
9.Bxc4 a6 10.Rd1 b5 11.Bf1 c5 12.a4 b4 13.Ne4 Nxe4 14.Qxe4 Rb8 15.b3 Bb7
16.Qd3 cxd4 17.exd4 Qa5 18.Bb2 Rfd8 19.Qe3 Nf6 20.h3 Nd5 21.Qg5 Bf4 22.Qh5 Qc7
23.Bc4 Nc3 24.Re1 g6 25.Qg4 h5 26.Qh4 Bxf3 27.gxf3 Kg7 28.d5 e5 29.Bc1 Nxd5
30.Bxd5 Rxd5 31.Bxf4 exf4 32.Re7 Qd6 33.Rae1 Rh8 34.R1e6 Qxe6 35.Rxe6 g5  0-1

[Event "US Open"]
[Site "Framingham USA"]
[Date "2001.08.11"]
[Round "8"]
[White "Ariel,D"]
[Black "Henry,R"]
[Result "0-1"]
[WhiteElo "2354"]
[BlackElo "2195"]

1.Nf3 d5 2.d4 Nf6 3.c4 e6 4.Nc3 c6 5.e3 Nbd7 6.Bd3 dxc4 7.Bxc4 b5 8.Bd3 a6
9.O-O c5 10.Bc2 Bb7 11.Qe2 Be7 12.Rd1 Qc7 13.e4 cxd4 14.Nxd4 b4 15.Na4 O-O
16.Bg5 h6 17.Bh4 Bd6 18.Nf3 Rac8 19.Rac1 Bf4 20.Bg3 Bxg3 21.hxg3 Rfd8 22.e5 Bxf3
23.gxf3 Qxe5 24.Qxa6 Ra8 25.Qd3 g6 26.Qd2 Qd5 27.Qf4 g5 28.Qe3 Qb5 29.b3 Nf8
30.Bd3 Qb7 31.Kg2 Kg7 32.Rh1 N8d7 33.Bc4 Ra5 34.Rcd1 Rh8 35.Be2 Re5 36.Qd2 Rf5
37.g4 Rf4 38.Kg3 Rxg4+ 39.Kh2 Rh4+ 40.Kg1 Rf4 41.Qb2 Rf5 42.Rh3 Rc8 43.Bd3 Rd5
44.Qe2 Ne5 45.Nb2 Rcd8 46.Qe3 Ng6 47.Rg3 Nh5 48.Rg4 Nhf4 49.Bc2 Re5 50.Be4 Rxd1+
51.Nxd1 Qd7 52.Nb2 f5 53.Rg3 fxe4 54.fxe4 Qd4 55.Qxd4 Ne2+ 56.Kf1 Nxd4 57.Re3 Ra5
58.Na4 Nf4 59.Re1 g4 60.Rc1 Rh5 61.Rc7+ Kf6 62.Ke1 Rh1+ 63.Kd2 Ra1 64.Nc5 Rxa2+
65.Ke1 Nf3+ 66.Kd1  0-1

[Event "Lost Boys Open"]
[Site "Amsterdam NED"]
[Date "2001.08.12"]
[Round "3"]
[White "Haimovich,T"]
[Black "Nep,R"]
[Result "1/2-1/2"]
[WhiteElo "2304"]
[BlackElo "2424"]

1.d4 d5 2.c4 c6 3.Nf3 Nf6 4.Nc3 e6 5.e3 Nbd7 6.Bd3 dxc4 7.Bxc4 b5 8.Bd3 a6
9.e4 c5 10.d5 c4 11.Bc2 Qc7 12.dxe6 fxe6 13.O-O Ne5 14.Nxe5 Qxe5 15.Be3 Bc5
16.Bxc5 Qxc5 17.e5 Qxe5 18.Re1 Qc5 19.Ne4 Nxe4 20.Bxe4 Ra7 21.b4 Qg5 22.h4 Qf6
23.Qh5+ Qf7 24.Qc5 Qc7 25.Bc6+ Kf7 26.Qh5+ g6 27.Qf3+ Ke7 28.Rad1 Rf8 29.Qe3 Kf7
30.h5 Kg8 31.hxg6 hxg6 32.Be4 Qg7 33.Bxg6 Re7 34.Be4 Ref7 35.Rd2 Qf6 36.g3 Rg7
37.Kg2 Qg5 38.Qc3 Qf6 39.Qxf6 Rxf6 40.Rh1 Rf8 41.Rh5 Rc7 42.Rd1 Rff7 43.a3 Kf8
44.g4 Ke7 45.Kg3 Bb7 46.Bxb7 Rxb7 47.Rc5 Rd7 48.Rxd7+ Kxd7 49.f4 Kd6 50.g5 Rd7
51.Kf3 Ke7 52.a4 bxa4 53.Rxc4 Rb7 54.Rc6 Rxb4 55.Rxa6 Kf7 56.Ra7+ Kg6 57.Ra5 Rc4
58.Kg4 Rb4 59.Ra6 Kf7 60.Ra7+ Kg6 61.Ra6 Kf7 62.Kh5 Rxf4 63.Ra7+ Kg8 64.Kg6 Rf8
65.Rxa4 Re8 66.Ra7 e5 67.Rg7+ Kh8 68.Rh7+ Kg8 69.Rh3 e4 70.Re3 Re6+ 71.Kf5 Re8
72.Kf6 Rf8+ 73.Kg6 Re8  1/2-1/2

[Event "Lost Boys Open"]
[Site "Amsterdam NED"]
[Date "2001.08.12"]
[Round "3"]
[White "Vogt,A"]
[Black "Blokhuis,J"]
[Result "1-0"]
[WhiteElo "2250"]
[BlackElo "2341"]

1.d4 d5 2.c4 c6 3.Nf3 Nf6 4.Nc3 e6 5.e3 Nbd7 6.Bd3 dxc4 7.Bxc4 b5 8.Bd3 Bb7
9.a3 a6 10.b4 a5 11.Rb1 Bd6 12.O-O Qe7 13.Bd2 axb4 14.axb4 O-O 15.Qc2 h6
16.e4 e5 17.Ne2 Rfd8 18.Ng3 Qe6 19.Nf5 Bf8 20.Rfe1 Qa2 21.Rb2 Qa4 22.Qc3 exd4
23.N3xd4 Ne5 24.Bc2 Qa6 25.Qg3 Ng6 26.Bb3 Kh8 27.Bxf7 Ne7 28.Nxe7 Bxe7 29.Ne6 Bf8
30.Bxh6 Nh5 31.Bxh5 Rd7 32.Nxf8 Rxf8 33.Be3 c5 34.Bxc5 Rfd8 35.Bf7 Bxe4 36.Rbe2 Qa8
37.Qh4+ Bh7 38.Bg6  1-0

[Event "Lost Boys Open"]
[Site "Amsterdam NED"]
[Date "2001.08.12"]
[Round "3"]
[White "Witt,R"]
[Black "Avrukh,B"]
[Result "0-1"]
[WhiteElo "2280"]
[BlackElo "2598"]

1.Nf3 d5 2.d4 Nf6 3.c4 c6 4.e3 e6 5.Nc3 Nbd7 6.Qc2 Bd6 7.Bd3 O-O 8.O-O dxc4
9.Bxc4 e5 10.h3 Qe7 11.e4 b5 12.Bd3 Bb7 13.Be3 Rac8 14.Ne2 c5 15.dxe5 Nxe5
16.Nxe5 Bxe5 17.Bxb5 Bxe4 18.Qc4 Bd5 19.Qa4 c4 20.Rfe1 a6 21.Bxa6 Ra8 22.Nc3 Bxc3
23.bxc3 Qd6  0-1

[Event "Magistral BCX"]
[Site "Brasilia BRA"]
[Date "2001.08.12"]
[Round "9"]
[White "Valle,A"]
[Black "Teixeira,R"]
[Result "1-0"]
[WhiteElo "2215"]
[BlackElo "2349"]

1.d4 d5 2.c4 c6 3.Nf3 Nf6 4.Nc3 e6 5.e3 Nbd7 6.Qc2 Bd6 7.Bd3 dxc4 8.Bxc4 b5
9.Be2 Bb7 10.O-O O-O 11.b3 Rc8 12.Bb2 b4 13.Ne4 Nxe4 14.Qxe4 Nf6 15.Qh4 Nd5
16.Qh3 Qe7 17.Bd3 f5 18.Ne5 Rf6 19.Qh4 Qc7 20.e4 Rh6 21.Qg5 Bxe5 22.dxe5 fxe4
23.Bxe4 c5 24.Rfe1 Rf8 25.g3 Nf4 26.gxf4 Bxe4 27.Rxe4 Rg6 28.Qxg6 hxg6 29.Bc1 a5
30.Be3 a4 31.Rc4 axb3 32.axb3 g5 33.Rxc5 Qd7 34.fxg5 Qd3 35.Rc7 Qxb3 36.h4 Rd8
37.Raa7 Qb1+ 38.Kh2 Qg6 39.Kg3 Rd1 40.Rc8+ Kh7 41.Raa8 Qe4 42.Rh8+ Kg6 43.h5+ Kf5
44.Rhf8+ Kxe5 45.Bf4+ Kd4 46.Rad8+ Kc3 47.Rxd1 b3 48.Rc8+ Kb2 49.Bc1+ Kb1
50.Be3+ Ka2 51.Bd4 b2 52.Rb8  1-0

[Event "TCh-Rep. Srpska"]
[Site "Jahorina BIH"]
[Date "2001.08.12"]
[Round "2"]
[White "Suvajac,M"]
[Black "Batinic,P"]
[Result "1/2-1/2"]
[WhiteElo "2221"]
[BlackElo "2177"]

1.d4 Nf6 2.Nf3 e6 3.c4 d5 4.Nc3 c6 5.e3 Nbd7 6.Qc2 Be7 7.b3 b6 8.Bd3 Bb7
9.O-O dxc4 10.bxc4 c5 11.Ne4 cxd4 12.exd4  1/2-1/2

[Event "ch-AUT women"]
[Site "Mureck AUT"]
[Date "2001.08.13"]
[Round "6"]
[White "Horvath,Maria"]
[Black "Hennings,M"]
[Result "1-0"]
[WhiteElo "2053"]
[BlackElo "2015"]

1.d4 d5 2.c4 c6 3.Nf3 Nf6 4.Nc3 e6 5.e3 a6 6.Qc2 Nbd7 7.Bd3 dxc4 8.Bxc4 b5
9.Bd3 Bb7 10.O-O Rc8 11.Rd1 Qc7 12.e4 c5 13.d5 c4 14.Bf1 b4 15.Na4 exd5 16.exd5 Nxd5
17.Qe4+ Ne7 18.Qd4 Bxf3 19.gxf3 Ne5 20.Qe4 f5 21.Qe3 Kf7 22.Re1 N5g6 23.Qe6+ Ke8
24.Nb6 Nh4 25.Bg2 Rb8 26.Nd5 Qd7 27.Qe5 Rb7 28.Bg5 Ng6 29.Qd4 Rb5 30.Rad1 Rxd5
31.Qxd5 Qxd5 32.Rxd5 Kf7 33.Rd7 h6 34.Bd2 a5 35.Ra7 Kf6 36.Ra6+ Kf7 37.Rxa5 Nc6
38.Rxf5+ Kg8 39.Rb5 Be7 40.f4 Nd4 41.Bd5+ Kh7 42.Rb7 Bf6 43.Bf7 h5 44.Kh1 b3
45.Rg1 bxa2 46.Bxg6+ Kh6 47.f5+  1-0